000 005420000a22001810004500
003 MACL
005 20160223145458.0
008 160223b xxu||||| |||| 00| 0 eng d
040 _aMACL
_cMACL
041 _aHindi
082 _a650
100 _aअग्रवाल रमेशवन्‍द्र
_939707
245 _aप्रबन्‍ध के तत्‍तव
260 _bनवयुग साहित्‍य सदन
_c1985
_aआगरा
350 _a18
650 _aManagement
_939708
942 _cHIN
_k650
_2ddc
999 _c28571
_d28571